| 000 | 01439nam a2200337 i 4500 | ||
|---|---|---|---|
| 003 | EG-GICUC | ||
| 005 | 20260121101241.0 | ||
| 008 | 251118b1974 ua ||||f |||| 00| 0 ara d | ||
| 040 |
_a EG-GICUC _c EG-GICUC _d EG-GICUC _erda _bara |
||
| 041 | _aara | ||
| 082 | 0 | 4 |
_221 _a345.4073 _bن ص . ب |
| 092 | 0 | 4 | _221 |
| 099 | _aLaw1 07 345.4073 ن ص . ب 1974 | ||
| 100 | 0 |
_aنصيف اسطقانوس _eمؤلف. |
|
| 245 |
_aبرنامج التفتيش للجنة الخدمة المدنية في الولايات المتحدة الأمريكية / _cإعداد نصيف اسطقانوس. |
||
| 264 |
_aالقاهرة : _bجامعة الدول العربية-المنظمة العربية للعلوم الإدارية، مركز البحوث الإدارية، _c1974. |
||
| 300 |
_a51 صفحة ؛ _c24 سم. |
||
| 336 |
_2rda content _atext |
||
| 337 |
_2rda media _aComputer |
||
| 338 |
_2rda carrier _aOnline Resource |
||
| 490 | _v171 | ||
| 500 | _aA History of Inspection Program of the Civil Service Commission 1946-1970. | ||
| 546 | _aالنص باللغة العربية | ||
| 650 | 1 |
_aالخدمة المدنية _2qrmak |
|
| 650 | 1 |
_aالوظيفة العامة _2qrmak |
|
| 650 | 1 |
_2qrmak _aالقانون الإداري |
|
| 651 | 1 |
_aالولايات المتحدة الأمريكية _2qrmak |
|
| 856 | 4 | 0 | _uhttps://fll.law.cu.edu.eg/fulltext/bks/B07-00165.pdf |
| 905 | _aWesam Mahmoud | ||
| 942 |
_2ddc _n0 _cBK _e21 |
||
| 999 |
_c44362 _d44362 |
||